000 00309nam a2200121Ia 4500
008 220204s9999 xx 000 0 und d
082 _a066
_bCLA
100 _aClausen, Chris A
245 0 _aPrinciples of industrial chemistry
260 _aNew York
_bJohn Wiley
_c1978
700 _aMattson, Guy
942 _cBK
999 _c31264
_d31264